000 00693nam a2200229 a 4500
999 _c5205
_d5205
001 5205
003 BD-JhCC
005 20171213175524.0
008 171210s1968 bg a|||| ||a| 000 0 ben d
035 _a(BD-JhCC)5205
040 _aBD-JhCC
_dBD-JhCC
041 _aben
082 _a523.1
_bGAM 1968
100 _aগ্যামো, জর্জ
245 _aজগত ও মহাজগত /
_cজর্জ গ্যামো; এম. এ. জব্বার (অনুবাদ)
260 _aঢাকা :
_bবুক ভিলা,
_c1968.
300 _a168 p. :
_c21 cm.
650 _aCosmology
700 _a জব্বার, এম. এ.
942 _2ddc
_cBK